| 000 | 014470000a22002290004500 | ||
|---|---|---|---|
| 020 | _a0-8254-3691-5 : Donación | ||
| 041 | 0 | _aEng. | |
| 082 | 0 | 4 | _aG 248.32 S7723g |
| 100 | 1 | _aSpurgeon, C. H. (Charles Haddon) (1834) | |
| 245 | 1 | 0 | _aSpurgeon's sermons on great prayers of the bible / Charles Haddon Spurgeon |
| 260 | _aGrand Rapids, Michigan: Kregel Publications | ||
| 300 | _a160 p. | ||
| 440 | 0 | _aCol. C.H. Spurgeon Sermon Series | |
| 505 | 0 | 0 | _aLa meditación de Moisés (Ex. 32:14) -- la petición de Acsa (Jueces 1:12-15) -- la oración de Jabés (1 Crón. 4:10) -- los dos guardias: orando y vigilando (Neh. 4:9) -- la oración del joven (Sal. 90:14) -- la oración del estudiante (Sal. 119:27) -- Jesús intercediendo par los que transgrenden (Isa. 53:12) -- Daniel: un patrón para suplicantes (Dan. 9:19) -- ''Y no nos metas en tentación'' (Mat. 6:13) -- la oración más corta de Pedro (Mat. 14:30) -- las oraciones de preparación para Cristo (Luc. 3:21-22; 6:12-13; 9:28-29; Mat. 14:23-25; Juan 11:41-42; Luc. 22:31-32; 23:46) -- la oración del Redentor (Juan 17:24) -- la doxología primera de Juan (Apoc. 1:5-6) |
| 520 | _aResumen: Contiene 13 de los sermones del predicador inglés Spurgeon, concentrado en oraciones importantes de la Bíblia. | ||
| 650 | 1 | 4 | _aORACION |
| 001 | 17208 | ||
| 942 | _cBK | ||
| 999 |
_c43872 _d43872 |
||
| 336 |
_atexto _btxt _2rdacontent |
||
| 337 |
_2rdamedia _asin mediación _bn |
||
| 338 |
_2rdacarrier _avolumen _bnc |
||